[Event "Zhitomir Sachuk Memorial op"]
[Site "Zhitomir"]
[Date "2024.05.19"]
[Round "10"]
[White "Alexikov, Alexander"]
[Black "Kravchenko, Leonid"]
[Result "1/2-1/2"]
[WhiteElo "2183"]
[BlackElo "2015"]
[PlyCount "139"]
[EventDate "2024.05.19"]
[EventType "swiss (blitz)"]
[EventRounds "11"]
[EventCountry "UKR"]
[SourceTitle "CB22_2024"]
[SourceDate "2024.05.29"]
[SourceVersion "1"]
[SourceVersionDate "2024.05.29"]
[SourceQuality "1"]

1. e4 c5 2. Nf3 d6 3. d4 cxd4 4. Nxd4 Nf6 5. Nc3 a6 6. Be2 e6 7. f4 Qc7 8. 0-0 Be7 9. Kh1 Bd7 10. Be3 Nc6 11. Nb3 b5 12. a3 0-0 13. Qe1 Rfd8 14. Qg3 Bf8 15. e5 Ne8 16. Bf3 Rac8 17. Rae1 g6 18. Qf2 Rb8 19. Nd4 Nxd4 20. Bxd4 d5 21. b4 Ng7 22. Bxd5 Nf5 23. Bc5 Bxc5 24. bxc5 exd5 25. Nxd5 Qc6 26. Nf6+ Kg7 27. Kg1 Rbc8 28. g4 Qxc5 29. gxf5 Qxf2+ 30. Rxf2 Bxf5 31. Ne4 Bxe4 32. Rxe4 Rd1+ 33. Kg2 Rc1 34. e6 Re8 35. e7 Kf6 36. Rfe2 Rd1 37. a4 Rd5 38. axb5 axb5 39. Kf3 Rd7 40. Rb4 Rexe7 41. Rxe7 Rxe7 42. Rxb5 Rc7 43. Rb6+ Kf5 44. Rb5+ Ke6 45. Rb6+ Kd5 46. Rf6 h5 47. Kg3 Rc3+ 48. Kh4 Rxc2 49. Rxf7 Rxh2+ 50. Kg3 Rh1 51. Kg2 Rh4 52. Kg3 Rg4+ 53. Kf3 Ke6 54. Rf8 Ke7 55. Ra8 Kf6 56. Ra6+ Kg7 57. Rb6 Rg1 58. Kf2 Ra1 59. Rb7+ Kh6 60. Rb6 Ra5 61. Kg3 Ra3+ 62. Kg2 Kg7 63. Rc6 h4 64. Rc4 h3+ 65. Kh2 Rf3 66. f5 gxf5 67. Rc6 Re3 68. Ra6 Kf7 69. Rb6 Re6 70. Rb5 1/2-1/2

[Event "Zhitomir Sachuk Memorial op"]
[Site "Zhitomir"]
[Date "2024.05.19"]
[Round "7"]
[White "Kravchenko, Leonid"]
[Black "Kapechun, Mikhailo"]
[Result "1/2-1/2"]
[WhiteElo "2015"]
[BlackElo "1805"]
[PlyCount "24"]
[EventDate "2024.05.19"]
[EventType "swiss (blitz)"]
[EventRounds "11"]
[EventCountry "UKR"]
[SourceTitle "CB22_2024"]
[SourceDate "2024.05.29"]
[SourceVersion "1"]
[SourceVersionDate "2024.05.29"]
[SourceQuality "1"]

1. d4 Nf6 2. c4 e6 3. Nc3 Bb4 4. e3 0-0 5. Bd3 d5 6. Nge2 dxc4 7. Bxc4 c5 8. a3 Bxc3+ 9. bxc3 Qc7 10. Bd3 Nbd7 11. 0-0 b6 12. e4 e5 1/2-1/2

[Event "Zhitomir Sachuk Memorial op"]
[Site "Zhitomir"]
[Date "2024.05.19"]
[Round "5"]
[White "Kravchenko, Leonid"]
[Black "Maly, Alexey"]
[Result "1-0"]
[WhiteElo "2015"]
[BlackElo "2341"]
[PlyCount "83"]
[EventDate "2024.05.19"]
[EventType "swiss (blitz)"]
[EventRounds "11"]
[EventCountry "UKR"]
[SourceTitle "CB22_2024"]
[SourceDate "2024.05.29"]
[SourceVersion "1"]
[SourceVersionDate "2024.05.29"]
[SourceQuality "1"]

1. d4 d5 2. c4 dxc4 3. e4 Nf6 4. e5 Nd5 5. Bxc4 Nb6 6. Bb3 Nc6 7. Ne2 Bf5 8. 0-0 e6 9. a3 Qd7 10. Nbc3 Be7 11. Be3 0-0 12. Ng3 Bg6 13. f4 Rad8 14. d5 exd5 15. Bxb6 axb6 16. f5 d4 17. e6 Qc8 18. Nd5 Bc5 19. fxg6 fxe6 20. gxh7+ Kh8 21. Nf4 Rf6 22. Qh5 Rh6 23. Qg5 Kxh7 24. Bxe6 Qa8 25. Bf5+ Kg8 26. Ne6 d3+ 27. Kh1 Bd4 28. Nxd8 Nxd8 29. Bxd3 Bf6 30. Qd5+ Kh8 31. Bc4 Nc6 32. Nf5 Rh5 33. Qf7 Rg5 34. Rae1 Ne5 35. Qe6 Nxc4 36. Qxc4 Qd8 37. Qf7 Qd2 38. Re8+ Kh7 39. Ne3 Qe2 40. Rxf6 Rxg2 41. Nxg2 Qd1+ 42. Rf1 1-0

[Event "Myrhorod op"]
[Site "Myrhorod"]
[Date "2011.07.09"]
[Round "1"]
[White "Kravchenko, Leonid"]
[Black "Romaniv, Mykola"]
[Result "1-0"]
[WhiteElo "2231"]
[BlackElo "1984"]
[PlyCount "89"]
[EventDate "2011.07.09"]
[EventType "swiss"]
[EventRounds "9"]
[EventCountry "UKR"]
[SourceTitle "CBM 143 Extra"]
[Source "ChessBase"]
[SourceDate "2011.08.29"]
[SourceVersion "1"]
[SourceVersionDate "2011.08.29"]
[SourceQuality "1"]

1. d4 Nf6 2. c4 e6 3. Nc3 Bb4 4. e3 0-0 5. Bd3 d5 6. Nge2 b6 7. 0-0 Bb7 8. a3 Bxc3 9. Nxc3 Nbd7 10. cxd5 exd5 11. b4 Ne4 12. Bb2 f5 13. Rc1 Qh4 14. f3 Nd6 15. Nb5 Nc4 16. Bxc4 dxc4 17. Nxc7 Rac8 18. Nb5 Rf6 19. Qe1 Qh5 20. Nxa7 Re8 21. b5 Rh6 22. Qg3 Rg6 23. Qf4 Nf6 24. d5 Nxd5 25. Qxc4 Kh8 26. Rf2 Nxe3 27. Qf4 Nd5 28. Qd4 f4 29. Nc6 Nf6 30. a4 Nd5 31. Rd1 Ne3 32. Qd7 Rg8 33. Ne5 Rf6 34. Rc1 Bd5 35. Rc7 Qf5 36. Qxf5 Rxf5 37. Rd2 h5 38. Ng6+ Kh7 39. Ne7 Nc4 40. Rxc4 Bxc4 41. Nxf5 Bb3 42. Nxg7 Bxa4 43. Nxh5 Rc8 44. Nxf4 Bxb5 45. Kf2 1-0

[Event "Kiev Spring op"]
[Site "Kiev"]
[Date "2011.03.23"]
[Round "6.4"]
[White "Kravchenko, Leonid"]
[Black "Kernazhitsky, Leonid"]
[Result "1-0"]
[WhiteElo "2213"]
[BlackElo "2342"]
[PlyCount "151"]
[EventDate "2011.03.19"]
[EventType "swiss"]
[EventRounds "9"]
[EventCountry "UKR"]
[SourceTitle "EXT 2012"]
[Source "ChessBase"]
[SourceDate "2011.11.24"]
[SourceVersion "1"]
[SourceVersionDate "2011.11.24"]
[SourceQuality "1"]

1. d4 d5 2. c4 c6 3. Nc3 Nf6 4. e3 Bf5 5. cxd5 cxd5 6. Qb3 Bc8 7. Bb5+ Nc6 8. Nf3 e6 9. Ne5 Bd7 10. f4 Be7 11. 0-0 0-0 12. Bd2 Rc8 13. Rac1 a6 14. Bd3 b5 15. Ne2 Na5 16. Rxc8 Bxc8 17. Bxa5 Qxa5 18. Nc6 Qc7 19. Nxe7+ Qxe7 20. h3 Bd7 21. Rc1 Rc8 22. Rxc8+ Bxc8 23. Qc3 Bb7 24. b4 Ne8 25. Qc5 Nd6 26. Nc3 Qd7 27. a4 bxa4 28. Nxa4 g6 29. Nb6 Qd8 30. Na4 Qd7 31. Qc2 Qd8 32. Nc5 Qc8 33. Qa2 Ne4 34. Bxe4 dxe4 35. Qa5 Kg7 36. Qb6 Bd5 37. Qxa6 Qd8 38. b5 Qh4 39. Qa5 g5 40. fxg5 Qxg5 41. Qd2 Qd8 42. Qe1 Qb8 43. Qf1 f5 44. Qe2 Qa7 45. Qh5 Qb8 46. Qg5+ Kf7 47. Qh6 Qxb5 48. Qxh7+ Ke8 49. Qg8+ Ke7 50. Qg7+ Ke8 51. Qg5 Qb1+ 52. Kh2 Qb8+ 53. Qg3 Qxg3+ 54. Kxg3 Kf7 55. Kf4 Kf6 56. g4 Ba2 57. Nd7+ Ke7 58. Ne5 fxg4 59. Nxg4 Bd5 60. h4 Kf7 61. h5 Bb7 62. Kg5 Kg7 63. h6+ Kh7 64. Nf6+ Kh8 65. Kf4 Ba6 66. Kxe4 Bc4 67. Ke5 Bb3 68. Kd6 Bc4 69. e4 Bb3 70. e5 Bc4 71. Ke7 Ba2 72. Kf7 Bb3 73. Kg6 Bc4 74. Ne8 Bd3+ 75. Kf6 Bc4 76. Nc7 1-0

[Event "Kiev Spring op"]
[Site "Kiev"]
[Date "2011.03.22"]
[Round "5.8"]
[White "Brozhik, Vasilij"]
[Black "Kravchenko, Leonid"]
[Result "0-1"]
[WhiteElo "2066"]
[BlackElo "2213"]
[PlyCount "80"]
[EventDate "2011.03.19"]
[EventType "swiss"]
[EventRounds "9"]
[EventCountry "UKR"]
[SourceTitle "EXT 2012"]
[Source "ChessBase"]
[SourceDate "2011.11.24"]
[SourceVersion "1"]
[SourceVersionDate "2011.11.24"]
[SourceQuality "1"]

1. d4 d5 2. c4 c6 3. Nf3 Nf6 4. Nc3 e6 5. Bg5 h6 6. Bxf6 Qxf6 7. e3 Nd7 8. Bd3 Bd6 9. 0-0 Qe7 10. e4 dxc4 11. Bxc4 e5 12. d5 Nb6 13. dxc6 bxc6 14. Be2 0-0 15. Qc2 Bg4 16. Nd2 Be6 17. Rac1 Bc5 18. Nd1 Bd4 19. b3 c5 20. Nc4 Qg5 21. Kh1 f5 22. Nxb6 axb6 23. Bc4 Bxc4 24. Qxc4+ Kh8 25. Nc3 Bxc3 26. Qxc3 Rxa2 27. Rc2 Rxc2 28. Qxc2 f4 29. f3 Rd8 30. Rd1 Rd4 31. Rxd4 exd4 32. h3 Qd8 33. Qd3 b5 34. Kg1 c4 35. bxc4 bxc4 36. Qxc4 d3 37. Qc1 d2 38. Qd1 Qd3 39. Kh2 Kh7 40. h4 Qd4 0-1

[Event "Yuzhny op"]
[Site "Yuzhny"]
[Date "2010.09.11"]
[Round "8"]
[White "Kravchenko, Leonid"]
[Black "Baranov, Yury"]
[Result "1-0"]
[WhiteElo "2187"]
[BlackElo "2142"]
[PlyCount "79"]
[EventDate "2010.09.07"]
[EventType "swiss"]
[EventRounds "9"]
[EventCountry "UKR"]
[SourceTitle "CBM 138 Extra"]
[Source "ChessBase"]
[SourceDate "2010.10.29"]
[SourceVersion "1"]
[SourceVersionDate "2010.10.29"]
[SourceQuality "1"]

1. d4 d5 2. c4 c6 3. Nc3 Nf6 4. e3 a6 5. Nf3 b5 6. cxd5 cxd5 7. Ne5 e6 8. Bd3 Bb7 9. 0-0 Be7 10. Bd2 Nbd7 11. f4 0-0 12. Rc1 Rc8 13. Be1 b4 14. Na4 Rxc1 15. Qxc1 Nxe5 16. fxe5 Ne4 17. Bxe4 dxe4 18. Nc5 Bxc5 19. Qxc5 a5 20. a3 Ba6 21. Rf4 bxa3 22. bxa3 Qb8 23. Qxa5 Qb1 24. h3 Qd3 25. Bd2 h6 26. Kh2 Rc8 27. Rf2 Rc2 28. Qd8+ Kh7 29. Qf8 Rc7 30. a4 Qc2 31. a5 Bc4 32. Qd6 Bb5 33. Qb6 Qc4 34. Qd6 Rd7 35. Qb4 Kg6 36. Qf8 Qc7 37. Bb4 f5 38. Qe8+ Kh7 39. Qxe6 g6 40. Qb6 1-0

[Event "Kiev Slavjanskoe bratstvo"]
[Site "Kiev"]
[Date "2010.08.23"]
[Round "1"]
[White "Girak, Ruslan"]
[Black "Kravchenko, Leonid"]
[Result "0-1"]
[WhiteElo "1573"]
[BlackElo "2187"]
[PlyCount "72"]
[EventDate "2010.06.22"]
[EventType "swiss"]
[EventRounds "9"]
[EventCountry "UKR"]
[SourceTitle "EXT 2011"]
[Source "ChessBase"]
[SourceDate "2010.11.26"]
[SourceVersion "1"]
[SourceVersionDate "2010.11.26"]
[SourceQuality "1"]

1. d4 d5 2. e3 Nf6 3. Bd3 e6 4. c3 c5 5. Nf3 Nc6 6. Nbd2 Bd6 7. 0-0 0-0 8. dxc5 Bxc5 9. e4 Qc7 10. exd5 exd5 11. Nb3 Bb6 12. Bg5 Ne4 13. Qc2 h6 14. Bh4 f5 15. Nfd4 g5 16. f3 gxh4 17. fxe4 dxe4 18. Bc4+ Kh7 19. Bd5 Nxd4 20. Nxd4 Bxd4+ 21. Kh1 Bg7 22. Rf2 Bd7 23. Raf1 Rae8 24. Rf4 Re5 25. Bb3 h3 26. gxh3 Bc6 27. Ba4 e3+ 28. Bxc6 Qxc6+ 29. Qg2 e2 30. Re1 Rd8 31. Qxc6 bxc6 32. Kg1 Rd1 33. Kf2 Rxe1 34. Kxe1 Bf6 35. Ra4 Kg6 36. Rf4 Kh5 0-1

[Event "UKR-ch"]
[Site "Alushta"]
[Date "2009.05.12"]
[Round "2"]
[White "Kravchenko, Leonid"]
[Black "Tihonov, Gennady"]
[Result "1-0"]
[WhiteElo "2180"]
[BlackElo "1984"]
[PlyCount "125"]
[EventDate "2009.05.11"]
[EventType "swiss"]
[EventRounds "9"]
[EventCountry "UKR"]
[SourceTitle "CBM 130 Extra"]
[Source "ChessBase"]
[SourceDate "2009.07.02"]
[SourceVersion "2"]
[SourceVersionDate "2009.07.15"]
[SourceQuality "1"]

1. d4 d5 2. c4 e6 3. Nc3 c5 4. cxd5 exd5 5. Nf3 Nc6 6. g3 Nf6 7. Bg2 Be7 8. 0-0 0-0 9. dxc5 Bxc5 10. Na4 Be7 11. Be3 Ne4 12. Rc1 Re8 13. Nd4 Qa5 14. a3 Ne5 15. Bf4 Bf6 16. f3 Bd7 17. fxe4 Bxa4 18. b3 Bd7 19. exd5 Rac8 20. Rxc8 Rxc8 21. a4 Ng4 22. h3 Qc3 23. hxg4 Bxd4+ 24. Kh2 Bxg4 25. Bf3 Bf5 26. Qd2 Qxd2 27. Bxd2 Bc2 28. d6 Bxb3 29. Rb1 Bxa4 30. Rxb7 Rd8 31. Rb4 Bb6 32. Rxa4 Rxd6 33. Bf4 Rd4 34. Ra3 f6 35. Kg2 Kf7 36. Bc6 g5 37. Be3 Rd6 38. Bxb6 axb6 39. Be4 h5 40. Bf5 Rd4 41. Ra7+ Kf8 42. Rb7 Rb4 43. Bg6 h4 44. gxh4 gxh4 45. Kh3 Kg8 46. e4 Rb1 47. Kxh4 Rg1 48. Bf5 Kf8 49. Rxb6 Ke7 50. Re6+ Kf7 51. Rd6 Ke7 52. Rd7+ Ke8 53. Ra7 Rg5 54. Ra3 Rg1 55. Rg3 Rh1+ 56. Kg4 Ke7 57. Rd3 Rg1+ 58. Kf3 Re1 59. Rd7+ Ke8 60. Ra7 Kf8 61. Be6 Ke8 62. Bd5 Kf8 63. Kf2 1-0

[Event "UKR-ch sf"]
[Site "Alushta"]
[Date "2008.05.16"]
[Round "6"]
[White "Shabala, Sergey"]
[Black "Kravchenko, Leonid"]
[Result "1/2-1/2"]
[WhiteElo "2296"]
[BlackElo "2148"]
[PlyCount "101"]
[EventDate "2008.05.10"]
[EventType "swiss"]
[EventRounds "9"]
[EventCountry "UKR"]
[SourceTitle "CBM 124 Extra"]
[Source "ChessBase"]
[SourceDate "2008.07.03"]
[SourceVersion "1"]
[SourceVersionDate "2008.07.03"]
[SourceQuality "1"]

1. e4 c5 2. Nf3 d6 3. d4 cxd4 4. Nxd4 Nf6 5. Nc3 a6 6. Bc4 e6 7. Bb3 b5 8. 0-0 Be7 9. f4 Qc7 10. f5 e5 11. Nde2 Bb7 12. Ng3 Nbd7 13. Bg5 b4 14. Bxf6 Nxf6 15. Nd5 Bxd5 16. Bxd5 Nxd5 17. exd5 Rc8 18. Qg4 Bf6 19. Qxb4 0-0 20. Ne4 Qxc2 21. Rf2 Qc4 22. Nxf6+ gxf6 23. Qxd6 Kg7 24. Rf3 Qc5+ 25. Qxc5 Rxc5 26. Rd1 Rd8 27. d6 Rc6 28. d7 Kf8 29. Rh3 Rc2 30. Rxh7 Rxb2 31. Rh8+ Ke7 32. Rxd8 Kxd8 33. Rd6 Rxa2 34. Rxf6 Kxd7 35. Rxf7+ Kd6 36. Ra7 e4 37. f6 e3 38. Kf1 Kd5 39. f7 Rf2+ 40. Ke1 Ke6 41. g4 a5 42. Rxa5 Kxf7 43. h4 Rh2 44. h5 Kg7 45. Ra6 Rg2 46. Rg6+ Kh7 47. Kf1 e2+ 48. Ke1 Kh8 49. g5 Kh7 50. Rh6+ Kg7 51. Rg6+ 1/2-1/2

[Event "UKR-ch"]
[Site "Alushta"]
[Date "2002.05.04"]
[Round "2"]
[White "Simantsev, Mikhail"]
[Black "Kravchenko, Leonid"]
[Result "1-0"]
[WhiteElo "2383"]
[BlackElo "2045"]
[PlyCount "85"]
[EventDate "2002.05.02"]
[EventType "swiss"]
[EventRounds "9"]
[EventCountry "UKR"]
[SourceTitle "EXT 2003"]
[Source "ChessBase"]
[SourceDate "2002.11.25"]
[SourceVersion "1"]
[SourceVersionDate "2002.11.25"]
[SourceQuality "1"]

1. d4 d5 2. c4 e6 3. Nf3 c6 4. e3 Nf6 5. Nc3 Nbd7 6. Qc2 Bb4 7. Bd2 0-0 8. Bd3 Qe7 9. a3 Bd6 10. 0-0 dxc4 11. Bxc4 e5 12. h3 h6 13. Nh4 Nb6 14. Ng6 Qc7 15. Ba2 Re8 16. f4 exd4 17. exd4 Be6 18. Bxe6 Rxe6 19. Ne5 Nbd5 20. Na4 Ree8 21. b4 Nh7 22. Rae1 Nf8 23. Nc5 Rad8 24. Qb3 Be7 25. Qg3 f6 26. Nf3 Bd6 27. Rxe8 Rxe8 28. Nh4 b6 29. Nf5 Kh7 30. Ne4 Rxe4 31. Qd3 g6 32. Nxd6 Re6 33. Nc4 f5 34. Ne5 Nd7 35. g4 Rf6 36. Rf2 Nf8 37. h4 fxg4 38. f5 Kg7 39. Nxg4 Rxf5 40. Bxh6+ Kg8 41. Rxf5 gxf5 42. Ne5 Qe7 43. Qg3+ 1-0

[Event "UKR ol"]
[Site "Alushta"]
[Date "1999.??.??"]
[Round "?"]
[White "Kravchenko, Leonid"]
[Black "Vartapetyan, Armen"]
[Result "0-1"]
[WhiteElo "2055"]
[BlackElo "2334"]
[PlyCount "114"]
[EventDate "1999.05.12"]
[EventType "team"]
[EventRounds "11"]
[EventCountry "UKR"]
[SourceTitle "EXT 2001"]
[Source "ChessBase"]
[SourceDate "2000.11.22"]
[SourceVersion "1"]
[SourceVersionDate "2000.11.22"]
[SourceQuality "1"]

1. d4 d5 2. c4 c6 3. Nf3 Nf6 4. Nc3 e6 5. e3 Nbd7 6. Bd3 Bd6 7. e4 dxe4 8. Nxe4 Nxe4 9. Bxe4 c5 10. 0-0 Nf6 11. Bc2 h6 12. b3 Bd7 13. Bb2 Bc6 14. dxc5 Bxc5 15. Qe2 Bxf3 16. Qxf3 Qe7 17. Rad1 0-0 18. Qd3 Rfd8 19. Qf3 b6 20. h3 Rxd1 21. Rxd1 Rd8 22. Bc3 a5 23. Rxd8+ Qxd8 24. Qc6 Qd7 25. Qa8+ Qe8 26. Qxe8+ Nxe8 27. Kf1 Nd6 28. Ke2 f6 29. f4 Kf7 30. g4 g5 31. Kf3 Ke7 32. Be1 Nf7 33. h4 Bd6 34. hxg5 hxg5 35. fxg5 Nxg5+ 36. Kg2 Bb4 37. Bh4 Kd6 38. Bxg5 fxg5 39. Kf3 Ke5 40. Be4 Kd4 41. Bc6 e5 42. Bb7 Ba3 43. Bc6 Bc1 44. Bb7 Bf4 45. Bc6 Kc3 46. Ke4 Kb2 47. Ba4 Kxa2 48. Kd3 Kb2 49. Ke4 Kc3 50. Kf3 Kd3 51. Bc6 Kc3 52. Ba4 Kd3 53. Bc6 Kd4 54. Bb7 Bc1 55. Ba8 Ba3 56. Bd5 Bc5 57. Bc6 Kd3 0-1

[Event "UKR ol"]
[Site "Alushta"]
[Date "1999.??.??"]
[Round "?"]
[White "Zubarev, Alexander2222"]
[Black "Kravchenko, Leonid"]
[Result "1-0"]
[WhiteElo "2478"]
[BlackElo "2055"]
[PlyCount "145"]
[EventDate "1999.05.12"]
[EventType "team"]
[EventRounds "11"]
[EventCountry "UKR"]
[SourceTitle "EXT 2001"]
[Source "ChessBase"]
[SourceDate "2000.11.22"]
[SourceVersion "1"]
[SourceVersionDate "2000.11.22"]
[SourceQuality "1"]

1. e4 c5 2. Nf3 d6 3. Bb5+ Bd7 4. Bxd7+ Qxd7 5. c4 Nc6 6. Nc3 e5 7. 0-0 Be7 8. a3 Nf6 9. Rb1 0-0 10. b4 b6 11. d3 Ne8 12. Ne1 f5 13. exf5 Qxf5 14. Nc2 Nf6 15. Ne3 Qg6 16. Ncd5 Nxd5 17. Nxd5 Bd8 18. Re1 Bh4 19. Rb2 Rf7 20. Re4 Bf6 21. Bd2 Raf8 22. Bc3 Bd8 23. Rg4 Qe6 24. f3 Ne7 25. Nxe7+ Bxe7 26. bxc5 bxc5 27. Re4 Qg6 28. Kh1 Bg5 29. Bd2 Bxd2 30. Qxd2 h6 31. h3 Qe6 32. Kh2 Kh7 33. Qc2 Kh8 34. Re1 Qf6 35. Qd2 Qh4 36. Reb1 Kh7 37. Rb7 Qd4 38. Qe2 Qf4+ 39. Kh1 Rxb7 40. Rxb7 Qc1+ 41. Kh2 Qf4+ 42. Kg1 Rf7 43. Rb1 Qd4+ 44. Kh2 d5 45. Re1 dxc4 46. dxc4 Qf4+ 47. Kh1 Kg8 48. Rd1 Kh7 49. Qc2+ g6 50. Rd5 Qe3 51. a4 h5 52. Qe4 Qc1+ 53. Kh2 Qf4+ 54. Qxf4 Rxf4 55. Rxc5 e4 56. Kg3 exf3 57. gxf3 Rd4 58. a5 a6 59. Rc6 Kh6 60. h4 Kg7 61. c5 Rc4 62. f4 Rc3+ 63. Kf2 Kf7 64. Ke2 Rh3 65. Rxa6 Rxh4 66. Ke3 Rh1 67. Ra8 Re1+ 68. Kd4 Re7 69. a6 h4 70. a7 Kg7 71. Rg8+ Kxg8 72. a8Q+ Kg7 73. Qd8 1-0